000 00501nam a2200181Ia 4500
003 IN-BaIIA
008 211028s9999 xx 000 0 eng d
040 _cIIA Library
080 _a(083)51
_bHEA
100 _aHeard, H. G.
_95678
245 0 _aLaser parameter measurements handbook
_cHeard H. G.
260 _aNew York
_bWiley
_c1968
300 _axii, 489p.
490 _aWiley series in pure and appliedoptics
650 _aAstronomy and Astrophysics Thesaurus
650 _aTables
942 _cBK
999 _c3193
_d3193